000 00232nam a2200085Ia 4500
008 170620s9999 xx 000 0 und d
100 _aPeterson- H. Craig
245 0 _aManagerial Economics
260 _bNew Delhi- Prentice Hall of India Pvt. Ltd.
260 _c2001
999 _c23760
_d23760